Travel Around the World (Word Chain) #3 - Statistics

General Stats
  • This quiz has been taken 193 times
  • The average score is 8 of 24
Answer Stats
Destination City % Correct
Auckland
90%
Rome
73%
Denver
69%
Edinburgh
52%
Istanbul
52%
Hong Kong
46%
New York City
41%
Shanghai
41%
Algiers
39%
Geneva
38%
Luxembourg
30%
Riga
29%
Guangzhou
24%
Sao Paulo
24%
Athens
21%
Ulaanbaatar
21%
New Delhi
20%
Ottawa
20%
Atlanta
18%
Osaka
18%
Santiago
18%
Amman
17%
Indianapolis
15%
Yangon
15%
No matching quizzes found
Score Distribution
Percent of People with Each Score
Percentile by Number Answered
Your Score History
You have not taken this quiz